What is the best pet? (Record no. 116913)

MARC details
000 -LÍDER
campo de controle de tamanho fixo 00629 a2200217 4500
001 - NÚMERO DE CONTROLE
campo de controle 116913
020 ## - ISBN - INTERNATIONAL STANDARD BOOK NUMBER
ISBN - International Standard Book Number 9781625218032
020 ## - ISBN - INTERNATIONAL STANDARD BOOK NUMBER
Informação qualificadora broch.
041 ## - CÓDIGO DE IDIOMA
Código do idioma do texto/trilha sonora ou título diferente eng
082 ## - CDD - CLASSIFICAÇÃO DECIMAL DE DEWEY
Número de Classificação 636
040 ## - FONTE DA CATALOGAÇÃO
Instituição da catalogação original BR-BrIDEA
Instituição que transcreveu o registro BR-BrIDEA
090 ## - NÚMERO DE CHAMADA LOCAL
Número de chamada (OCLC) (R); Número de chamada, CALL (RLIN) (NR) P Year 1 636
Número Cutter local (OCLC); Número de classificação do livro, CALL (RLIN) STE
100 ## - ENTRADA PRINCIPAL--NOME PESSOAL
Nome pessoal Stead, Tony.
245 10 - TÍTULO
Título What is the best pet?
Indicação de responsabilidade, etc. Tony Stead
260 ## - PUBLICAÇÃO, DISTRIBUIÇÃO, ETC.
Local de publicação, distribuição, etc. North Mankato, Minnesota
Nome do editor, distribuidor, etc. Capstone
Data da publicação, distribuição, etc. 2015
300 ## - DESCRIÇÃO FÍSICA
Extensão 16 p.
Outros detalhes físicos col. ill.
520 ## - NOTA DE RESUMO, ETC
Resumo, etc. What would make a better pet, a kitten or a fish? Read the opinions in this book. Then decide: What is the best pet?
697 ## - ENTRADA DE ASSUNTO LOCAL--ENTIDADE COLETIVA (RLIN)
Nome corporativo ou nome da jurisdição Pets - Fiction.
856 ## - LOCALIZAÇÃO ELETRÔNICA E ACESSO
Uniform Resource Identifier <a href="000027/0000279a.jpg">000027/0000279a.jpg</a>
942 ## - ELEMENTOS DE ENTRADA ADICIONADOS (KOHA)
Tipo de material Koha Livros
Holdings
Situação do descarte Situação das perdas Fonte da classificação ou esquema de arquivamento na estante Situação física Não pode ser emprestado Biblioteca de origem Biblioteca atual Data de aquisição Total de empréstimos Número de chamada completo Código de barras Data de último acesso Data do preço efetivo Tipo de material Koha
    Classificação Decimal de Dewey     ECB - SUDOESTE ECB - SUDOESTE 22/12/2020   P Year 1 636 STE 00052271SSW 23/01/2024 23/01/2024 Livros
    Classificação Decimal de Dewey     ECB - SUDOESTE ECB - SUDOESTE 26/01/2021   P Year 1 636 STE 00052785SSW 23/01/2024 23/01/2024 Livros
    Classificação Decimal de Dewey     ECB - SUDOESTE ECB - SUDOESTE 26/01/2021   P Year 1 636 STE 00052786SSW 23/01/2024 23/01/2024 Livros
    Classificação Decimal de Dewey     ECB - ÁGUAS CLARAS ECB - ÁGUAS CLARAS 03/03/2021   AP Year 1 636 STE 00053727AGC 23/01/2024 23/01/2024 Livros